| 000 | 00680nam a22002415a 4500 | ||
|---|---|---|---|
| 003 | OSt | ||
| 005 | 20170724152943.0 | ||
| 008 | 170711s2015 ua gr 000 0 ara d | ||
| 017 | _a2014 / 22659 | ||
| 020 | _a9789770933176 | ||
| 040 |
_aEG-ScBUE _bara _cEG-ScBUE |
||
| 082 | 0 | 4 |
_222 _a306.874 _bج ن د |
| 100 | 1 | _aجندي، نهى. | |
| 245 | 1 | 0 |
_aاعرف طفلك وعلم عليه / _cنهى الجندي. |
| 250 | _aط. 1. | ||
| 260 |
_aالقاهرة : _bدار الشروق، _c2015. |
||
| 300 |
_a223 ص. ؛ _c24 سم. |
||
| 590 | _aدعاء | ||
| 650 | 7 |
_2BUEsh _aالأطفال _xتربية. _914986 |
|
| 651 | _2BUEsh | ||
| 653 |
_bGGEN _cJuly2017 |
||
| 942 | _2ddc | ||
| 999 |
_c25030 _d25002 |
||